Κατάλογος Βιβλιοθηκών Mediterranean College

Εισαγωγή στη Σύγχρονη Μακροοικονομική (Record no. 3587)

MARC details
000 -LEADER
fixed length control field 01954cam a22002054a 4500
005 - ΗΜΕΡΟΜΗΝΙΑ ΚΑΙ ΩΡΑ ΤΕΛΕΥΤΑΙΑΣ ΕΝΗΜΕΡΩΣΗΣ
Πεδίο ελέγχου 20250605164119.0
008 - FIXED-LENGTH DATA ELEMENTS--GENERAL INFORMATION
Πεδίο ελέγχου σταθερού μήκους 250528s ||||||||||||||||||||||||d
035 ## - SYSTEM CONTROL NUMBER
System control number 18210
020 ## - ISBN
ISBN 9602550465
040 ## - ΠΗΓΗ ΚΑΤΑΛΟΓΟΓΡΑΦΗΣΗΣ
Φορέας πρωτότυπης καταλογογράφησης MC Athens Campus Library
Γλώσσα καταλογογράφησης Ελληνικά, Μοντέρνα (1453-)
Modifying agency MC Athens Campus Library
Κανόνες περιγραφικής καταλογογράφησης AACR2
245 1# - ΤΙΤΛΟΣ ΚΑΙ ΔΗΛΩΣΗ ΥΠΕΥΘΥΝΟΤΗΤΑΣ
Τίτλος Εισαγωγή στη Σύγχρονη Μακροοικονομική
260 ## - PUBLICATION, DISTRIBUTION, ETC.
Name of publisher, distributor, etc. Addison Wesley Longman,
Date of publication, distribution, etc. 1994
300 ## - PHYSICAL DESCRIPTION
Extent 508
520 ## - SUMMARY, ETC.
Summary, etc. Πρόλογος, Αντικείμενο της Μακροοικονομικής και Βασικές Μακροοικονομικές Έννοιες, Η Μέτρηση των Βασικών Μακροοικονομικών Μεγεθών: Οι Εθνικοί Λογαριασμοί, Ο Προσδιορισμός των Βασικών Οικονομικών Μεγεθών, Ο Πολλαπλασιαστής Δαπάνης, Κατανάλωση και Αποταμίευση, Οι Επενδύσεις και Οι Παράγοντες που τις Επηρεάζουν, Ο Δημόσιος Τομέας και η Επίδραση του στο Εθνικό Εισόδημα, Το Χρήμα και οι Τράπεζες, Η Ανεργία και οι Επιπτώσεις της, Ο Πληθωρισμός και οι Επιπτώσεις του, Η Μακροοικονομική Ισορροπία σε Ανοιχτή Οικονομία, Οι Διακυμάνσεις της Οικονομικής Δραστηριότητας, Η Κατάσταση της Ελληνικής Οικονομίας κατά το Τέλος της Δεκαετίας του 1980-90 και οι Προοπτικές της για το 1992, Επίλογος, Βιβλιογραφία, Κυριότερες Επιστημονικές Εργασίες των Συγγραφέων.
700 1# - ΠΡΟΣΘΕΤΗ ΑΝΑΓΡΑΦΗ--ΦΥΣΙΚΟ ΠΡΟΣΩΠΟ
Personal name Αθηνα Πετρακη Κωττη
9 (RLIN) 4498
700 1# - ΠΡΟΣΘΕΤΗ ΑΝΑΓΡΑΦΗ--ΦΥΣΙΚΟ ΠΡΟΣΩΠΟ
Personal name Κώττης Γεώργιος Χριστ
9 (RLIN) 3547
942 ## - ADDED ENTRY ELEMENTS (KOHA)
Koha item type Books
Holdings
Τύπος τεκμηρίου Βιβλιοθήκη Τρέχουσα τοποθεσία Barcode Αριθμός εισαγωγής Ημερομηνία απόκτησης Ταξιθετικό σύμβολο Αριθμός αντιτύπου Κατάσταση απόσυρσης Κατάσταση χαμένου Κατάσταση κατεστραμμένου Μη δανεισμός Σύνολο δανεισμών Ημερομηνία τελευταίας εμφάνισης Η τιμή ισχύει από
Books MC Athens Campus Library MC Athens Campus Library 9780000035868 2403 05/06/2025 339 PET C.1 2           05/06/2025 05/06/2025

MC Athens Campus Library
Πατησίων 94 & Κοδριγκτώνος 13, 104 34
Πελλήνης 8 & Πατησίων 107, 112 51
Τ: +30 210 8899600

MC Thessaloniki Campus Library
Ίωνος Δραγούμη 21, 54625 | Ίωνος Δραγούμη 15, 54625
Τ: +30 2310 287779 – Τ: +30 2314 440300